Science et christ

Salvato in:
Dettagli Bibliografici
Autore principale: Teilhard de Chardin, Pierre
Natura: Libro
Lingua:Undetermined
Pubblicazione: París, Francia Du Seuil 1965
Edizione:6
Soggetti:
Tags: Aggiungi Tag
Nessun Tag, puoi essere il primo ad aggiungerne!!

MARC

LEADER 00000nam a2200000Ia 4500
008 170316s9999 xx 000 0 und d
090 |a 100 T-4s 
100 |a Teilhard de Chardin, Pierre 
245 |a Science et christ 
250 |a 6 
260 |a París, Francia 
260 |b Du Seuil 
260 |c 1965 
300 |a 293 páginas 
650 |a FILOSOFÍA 
999 |c 17799  |d 17799 
040 |a cru BVZT 
942 |c 15 D  |h 100 T-4s  |2 z